Creatividad y cambio (Registro nro. 3373)
[ vista simple ]
| 000 -CABECERA | |
|---|---|
| campo de control de longitud fija | 00680aam a2200253 4500 |
| 005 - FECHA Y HORA DE ACTUALIZACIÓN | |
| campo de control | 20161024122002.0 |
| 008 - LONGITUD FIJA | |
| campo de control de longitud fija | 150225b xxu||||| |||| 00| 0 eng d |
| 041 ## - IDIOMA | |
| Código de idioma del texto/pista de sonido o título separado | |
| 082 ## - CLASIFICACIÓN DECIMAL DEWEY | |
| Número de clasificación | 153.35 G177c |
| 100 ## - AUTOR PERSONAL | |
| Nombre de persona | Gallo González, Gonzalo |
| 245 ## - TÍTULO PROPIAMENTE DICHO | |
| Título | Creatividad y cambio |
| 260 ## - PIE DE IMPRENTA | |
| Lugar de publicación, distribución, etc. | Colombia |
| Nombre del editor, distribuidor, etc. | ECISA |
| Fecha de publicación, distribución, etc. | 2008 |
| 300 ## - DESCRIPCIÓN FÍSICA | |
| Extensión | 120 páginas |
| 505 ## - Nota de Contenido | |
| Nota de contenido | CONTIENE DVD N 54 |
| 650 ## - Materia General | |
| Materia general | CREATIVIDAD |
| 650 ## - Materia General | |
| Materia general | IMAGINACIÓN |
| 650 ## - Materia General | |
| Materia general | CAMBIO PERSONAL |
| 650 ## - Materia General | |
| Materia general | DOMINIO DE MEDIO |
| 650 ## - Materia General | |
| Materia general | FUERZA ESPIRITUAL |
| 650 ## - Materia General | |
| Materia general | CONFIANZA |
| 650 ## - Materia General | |
| Materia general | RELAJACIÓN |
| 650 ## - Materia General | |
| Materia general | INSPIRACIÓN |
| 942 ## - Punto de Acceso Adicional Koha | |
| Tipo de ítem Koha | Libro |
| Estado perdido | Estado dañado | No para préstamo | Biblioteca permanente | Biblioteca actual | Signatura completa | Código de barras | Precio efectivo a partir del | Tipo de ítem |
|---|---|---|---|---|---|---|---|---|
| Departamento de Biblioteca y Documentación Alfonso Chase Brenes | Departamento de Biblioteca y Documentación Alfonso Chase Brenes | 153.35 G177c | 11537 | 16/08/2016 | Libro |